000 01612cam a22002174a 4500
005 20250605164333.0
008 250528s ||||||||||||||||||||||||d
035 _a23339
020 _a199266158
040 _aGR-AtMCL
_bgre
_dGR-AtMCL
_eAACR2
245 1 _aGlobal Strategic Management
260 _bOxford University Press,
_c2005
300 _a396
520 _aThis book offers a trully global, as opposed to multinational, perspective on strategy, covering both traditional strategic management topics and new topics such as corporate social responsibility.Preface, Acknowledgements, Introduction, Introduction to Global Strategic Management, Learning Outcomes, Opening Case Study: IKEA, Global Strategic Analysis, Global Business Environment: The External Macro Environment, The World Trade Organization and September 11 Events and the Brazilian Embraer, Global Business Environment: The Industry Environment, The Rise of the Internet and the Fall of Boo.com, Corporate Social Responsibility and Stakeholder Analysis, Two Crises Influence the Strategy of Royal Dutch/ Shell, Analysis of the Internal Environment, Global Strategic Development, Managing the Internationalization Process, International Strategic Alliances: Partnership and Cooperation, The Subsidiary - Level Strategy, Headquarter - Level Strategy, Global Strategic Implementation, Global Structures and Design, Global Management of Change, Global Strategic Control, Index.
700 1 _aCollins Sylvie C
_94375
700 1 _aMellahi Kamel
_98909
700 1 _aOgden Jane
_95420
942 _cBK
999 _c8364
_d8364